| 000 | 00688nam a2200229 a 4500 | ||
|---|---|---|---|
| 999 |
_c4334 _d4334 |
||
| 001 | 4334 | ||
| 003 | BD-JhCC | ||
| 005 | 20171126193940.0 | ||
| 008 | 171126s2008 bg a|||| ||a| 000 0 ben d | ||
| 020 | _a9841317125 | ||
| 035 | _a(BD-JhCC) 4334 | ||
| 040 |
_aBD-JhCC _dBD-JhCC |
||
| 041 | _aben | ||
| 082 |
_a070.018 _bRAH 2008 |
||
| 100 | _aরাহমান, সামিয়া | ||
| 245 |
_aএকুশ শতকে টেলিভিশন সাংবাদিকতা / _c সামিয়া রাহমান |
||
| 260 |
_a183 p .: _bমুক্তধারা , _c2008 |
||
| 300 |
_a183 p .: _c22 cm . |
||
| 650 | _aJournalism | ||
| 942 |
_2ddc _cBK |
||